000 02488nas1a22003491i 4500
001 RU\NLR\Per\864971
005 20240921120044.0
035 _a(NLR Aleph) 003162222
090 _a3112920
_c3112920
100 _a20120604b20122018|||y0rusy50 ca
101 0 _arus
102 _aRU
110 _aah|||||||||
200 1 _aБиНО: казенные учреждения
_eуправление финансовой и хозяйственной деятельностью
_eдля руководителей и главных бухгалтеров
207 0 _a2012, № 1 (1) - 2018, № 2 (26)
210 _aМосква
_aЗеленоград
_cЭКАР
_d2012 - 2018
311 _aС 2-го полугодия 2018 объединился с "БиНО: автономные учреждения" и "БиНО: бюджетные учреждения" и выходит как: БиНО: Государственные и муниципальные учреждения
440 0 _12001#$aБиНО: Государственные и муниципальные учреждения
_tБиНО: Государственные и муниципальные учреждения
517 1 _aБиНО: КУ
_zrus
606 1 _aНекоммерческие организации
_jПериодические издания
_xБухгалтерский учет
_yРоссийская Федерация
_92280900
_3RU\NLR\AUTH\661366568
606 1 _aНекоммерческие организации
_jПериодические издания
_xНалоговое обложение
_yРоссийская Федерация
_92280899
_3RU\NLR\AUTH\661366567
686 1 _aУ052.9(2)229я54
686 1 _aУ26(2)141.3я54
852 _aNLR
_jП22/9425
942 _cJOURNAL
980 _aRUSPER